000 00669nam a2200181Ia 4500
999 _c65643
_d65643
005 20240530110836.0
008 140319s9999 xx 000 0 ara d
017 _bمصر. دار الكتب
040 _aGCL /
_cGCL
082 0 4 _a328.3
_bم ت
_221
100 1 _aالمجلس القومى للتعليم والبحث
245 1 0 _aتقرير مقدم الى السيد رئيس الجمهورية عن اعمال المجلس فى دورتة الثامنة /
_cالمجلس القومى للتعليم والبحث
300 _a220 ص
490 _aالهيئة العامة للاستعلامات
_v0
650 _2qrmak
651 _2qrmak
942 _2ddc
_cBK